000
00302nam a22001337a 4500
008
170210b xxu||||| |||| 00| 0 eng d
020
_a
0721614817
041
_a
eng
080
_2
2ND
_a
61
100
_a
4
101
_a
SHM
245
_a
DIAGNOSIS OF BONE AND JOINT DISORDERS
_c
RESNICK
942
_2
udc
_c
BK
999
_c
5072
_d
5072